100 tajemství lidského štěstí / David Niven ; [z anglického originálu ... přeložila Marie Polasková]
Record details
- ISBN: 80-7178-522-9
- Physical Description: 132 s. ; 20 cm
- Edition: Vyd. 1.
- Publisher: Praha : Portál, 2001
Search for related items by subject
| Subject: | sebevýchova štěstí životní harmonie Happiness Conduct of life |
| Genre: | populárně-naučné publikace |
Available copies
- 1 of 1 copy available at Common Catalog SPOK.
Holds
- 0 current holds with 1 total copy.
Show Only Available Copies
| Location | Call Number / Copy Notes | Barcode | Shelving Location | Status | Due Date |
|---|---|---|---|---|---|
| Jabok Library | Psy-10/N | 424480008370 | Odborná literatura | Available | - |
| LDR | 01319nam a2200397 a 4500 | ||
|---|---|---|---|
| 001 | 50 | ||
| 003 | CZ-PrJAB | ||
| 005 | 20190319144554.0 | ||
| 007 | tu | ||
| 008 | 010703s2001 xr e 000 0 cze | ||
| 015 | . | ‡acnb001005520 | |
| 020 | . | ‡a80-7178-522-9 ‡q(brož.) : ‡cKč 157,00 | |
| 035 | . | ‡a(CZ PrNK)cpk20011005520 | |
| 035 | . | ‡a(OCoLC)50342868 | |
| 040 | . | ‡aABA001 ‡bcze | |
| 041 | 1 | . | ‡acze ‡heng |
| 072 | 7. | ‡a159.92 ‡xVývojová psychologie. Individuální psychologie ‡2Konspekt ‡917 | |
| 080 | . | ‡a17.023.34 ‡2MRF | |
| 080 | . | ‡a17.02 ‡2MRF | |
| 080 | . | ‡a159.923.5 ‡2MRF | |
| 080 | . | ‡a(0.062) ‡2MRF | |
| 100 | 1 | . | ‡aNiven, David, ‡d1971- ‡7mzk2003169473 ‡4aut |
| 245 | 1 | 0. | ‡a100 tajemství lidského štěstí / ‡cDavid Niven ; [z anglického originálu ... přeložila Marie Polasková] |
| 246 | 3 | . | ‡aSto tajemství lidského štěstí |
| 250 | . | ‡aVyd. 1. | |
| 260 | . | ‡aPraha : ‡bPortál, ‡c2001 | |
| 300 | . | ‡a132 s. ; ‡c20 cm | |
| 650 | 0 | 7. | ‡asebevýchova ‡7ph125456 ‡2czenas |
| 650 | 0 | 7. | ‡aštěstí ‡7ph127882 ‡2czenas |
| 650 | 0 | 7. | ‡aživotní harmonie ‡7ph138147 ‡2czenas |
| 650 | 0 | 9. | ‡aHappiness ‡2eczenas |
| 650 | 0 | 9. | ‡aConduct of life ‡2eczenas |
| 655 | 7. | ‡apopulárně-naučné publikace ‡7fd131864 ‡2czenas | |
| 765 | 0 | . | ‡t100 simple secrets of happy people ‡9Česky |
| 910 | . | ‡aABG312 | |
| 995 | . | ‡aska | |
| 901 | . | ‡a50 ‡bUnknown ‡c50 ‡tbiblio | |